00377nam a22001457a 450000500170000001000130001702000230003003500130005303700280006608200080009410000210010224500420012326000450016530000210021020190523124816.0 aB-225937 a0195672771c595.00 aB-225937 bOxford University Press a954 aKimura, Masaaki. aThe state in india /cMasaaki Kimura. aNew DelhibOxford University Pressc2006 a325pc22cm (hbk)